| LEADER | 00551noc a22001697u 4500 | ||
|---|---|---|---|
| 001 | 08L01 | ||
| 003 | BD-DhAAL | ||
| 008 | 240604t2024 bg ||||| |||| 00| b|eng | | ||
| 040 | |a BD-DhAAL |c BD-DhAAL | ||
| 082 | |a 08L01 | ||
| 245 | |a Group study room key. | ||
| 300 | |a 1 ; |c 3/1 in. | ||
| 541 | |a Brac University |e 08L01 | ||
| 852 | |a AAL Circulation Desk | ||
| 942 | |2 ddc |c SRK | ||
| 999 | |c 46697 |d 46697 | ||
| 952 | |0 0 |1 0 |2 ddc |4 0 |6 08L01 |7 0 |9 75600 |a BRACUL |b BRACUL |c CIR |d 2024-06-04 |e Brac University |l 2 |o 08L01 |p 5010000801 |r 2024-06-05 |s 2024-06-04 |t 1 |w 2024-06-04 |y SRK |x Brac University | ||